In the human heart : (Record no. 146215)

MARC details
000 -LEADER
fixed length control field 00884nam a22002297a 4500
005 - DATE AND TIME OF LATEST TRANSACTION
control field 20180703153538.0
010 ## - LCCN (DPL NO)
LC control number 1718EN-30 ENG-121830 B-688213-217
020 ## - INTERNATIONAL STANDARD BOOK NUMBER
Terms of availability 65.00
International Standard Book Number 9788126049905
035 ## - SYSTEM CONTROL NUMBER
System control number EN-105362
035 ## - SYSTEM CONTROL NUMBER
System control number B-688213-217
037 ## - SOURCE OF ACQUISITION
Source of stock number/acquisition Sahitya Akadmi
Stock number dpl
037 ## - SOURCE OF ACQUISITION
Source of stock number/acquisition DBAD/PUB
082 ## - DEWEY DECIMAL CLASSIFICATION NUMBER
Classification number 881
100 ## - MAIN ENTRY--PERSONAL NAME
Personal name Bhattacharyya, Shimantra
245 ## - TITLE STATEMENT
Title In the human heart :
Statement of responsibility, etc by Shimanta Bhattacharyya
Remainder of title collection of poems /
260 ## - PUBLICATION, DISTRIBUTION, ETC. (IMPRINT)
Place of publication, distribution, etc New Delhi
Name of publisher, distributor, etc Sahitya Academi
Date of publication, distribution, etc 2016
270 ## - ADDRESS
City New Delhi
Address Rabindra Bhawan, 35, Fiiroz Shah Marg
Postal code 110001
300 ## - PHYSICAL DESCRIPTION
Extent 42p.
Dimensions 21cm(pbk)
490 ## - SERIES STATEMENT
Series statement Navodaya Series
942 ## - ADDED ENTRY ELEMENTS (KOHA)
Source of classification or shelving scheme Dewey Decimal Classification
Item type English Books
Call number suffix BHA
Classification part 881
Holdings
Withdrawn status Lost status Not for loan Collection code Home library Current library Date acquired Source of acquisition Cost, normal purchase price Full call number Barcode Copy number Cost, replacement price Koha item type
      Non-fiction Ashok Vihar Ashok Vihar 03/07/2018 E-1/265A, Gali No.-17,1 Floor, Sonia Vihar, Delhi-110090 65.00 881 BHA B-688217 1 65.00 English Books
    Not For Loan Non-fiction D.B.Act.Division Bawana 09/12/2017 DBAD/PUB 65.00 881 BHA EN-105362 1 65.00 English Books
      Non-fiction Central Library Central Library 03/07/2018 E-1/265A, Gali No.-17,1 Floor, Sonia Vihar, Delhi-110090 65.00 881 BHA B-688213 1 65.00 English Books
      Non-fiction Mobile Library Mobile Library 03/07/2018 E-1/265A, Gali No.-17,1 Floor, Sonia Vihar, Delhi-110090 65.00 881 BHA B-688214 2 65.00 English Books
      Non-fiction Mobile Library Mobile Library 03/07/2018 E-1/265A, Gali No.-17,1 Floor, Sonia Vihar, Delhi-110090 65.00 881 BHA B-688215 2 65.00 English Books
      Non-fiction New Police Line New Police Line 03/07/2018 E-1/265A, Gali No.-17,1 Floor, Sonia Vihar, Delhi-110090 65.00 881 BHA B-688216 1 65.00 English Books

© Delhi Public Library
Hit Counter
free hit counter